Vainqueur(e)s de Tournois du Grand Chelem de tennis depuis 2015 - Statistiques

Statistiques générales
  • Ce quiz a été pris 494 fois
    216 depuis la dernière actualisation
  • Le résultat moyen est 17 sur 29
Statistiques - réponses
Réponse % Correct
Carlos Alcaraz
99%
Novak Djokovic
99%
Rafael Nadal
99%
Jannik Sinner
98%
Roger Federer
98%
Aryna Sabalenka
92%
Andy Murray
90%
Coco Gauff
90%
Iga Swiatek
89%
Stanislas Wawrinka
89%
Serena Williams
88%
Daniil Medvedev
86%
Dominic Thiem
78%
Madison Keys
52%
Naomi Osaka
52%
Simona Halep
51%
Elena Rybakina
45%
Ashleigh Barty
39%
Garbiñe Muguruza
37%
Marketa Vondrousova
34%
Barbora Krejčíková
32%
Emma Raducanu
31%
Jelena Ostapenko
29%
Angelique Kerber
23%
Sofia Kenin
23%
Sloane Stephens
22%
Caroline Wozniacki
21%
Bianca Andreescu
18%
Flavia Pennetta
10%
Aucun quiz correspondant
Distribution des résultats
% des personnes avec chaque résultat
Percentile par nombre de réponses
Votre historique - résultats
Vous n’avez pas pris ce quiz depuis la dernière actualisation